| 000 | 00607nam a2200145Ia 4500 | ||
|---|---|---|---|
| 008 | 190920s9999 xx 000 0 und d | ||
| 020 | _a978-971-98-0452-9 | ||
| 100 | _aAtienza, Maria Ela | ||
| 245 |
_cMaria Ela Atienza,Ruth Lusterio Rico, Aries Arugay, Jean Encinas - Franco, Dennis Quilala.-- _aUnderstanding culture, society, & politics: _bfor Senior High School / |
||
| 260 |
_aPH : _bC & E Publishing, Inc. _c2016 |
||
| 300 |
_a195 pages : _bblack & white pictures |
||
| 500 | _aInludes appendices, glossary, index and about the authors. | ||
| 650 | _aCulture | ||
| 650 | _aCulture -- Study and teaching | ||
| 999 |
_c362142 _d362142 |
||